| 000 | 00337nam a2200133Ia 4500 | ||
|---|---|---|---|
| 100 | _aGadnkar/Ramesh | ||
| 942 | _cBK | ||
| 654 | _amicroprocessor | ||
| 245 | _aZ80 Microprocessor:Architecture Interfacing Programming & Design | ||
| 260 |
_bWiley eastern _aNew Delhi _c1995 |
||
| 082 |
_a4.16 _bPAN |
||
| 300 | _a656 | ||
| 546 | _aENGLISH | ||
| 999 |
_c20560 _d20560 |
||